| 000 | 00706nam a22002292 4500 | ||
|---|---|---|---|
| 001 | 0000001859 | ||
| 005 | 20151217155813.0 | ||
| 008 | 070328s xx 000 0 eng d | ||
| 020 |
_a085255782 : _cKES 3,480 |
||
| 040 |
_aKABU _cKABU |
||
| 050 | 0 |
_aBP64 _b.A1H57 |
|
| 245 | 1 | 4 |
_aThe History of Islam in Africa / _ced. by Nehemia Levtzion and Randall L. Pouwels. |
| 260 |
_aLondon : _bJames Currey, _c2000. |
||
| 300 | _ax, 591 p. | ||
| 650 | 0 |
_aIslam _zAfrica _xHistory. _@0000150915 |
|
| 700 | 1 |
_aLevtzion, Nehemiah. _@0000150916 |
|
| 700 | 1 |
_aPouwels, Randall L. _@0000150917 |
|
| 908 | _a070328 | ||
| 950 | _@1 | ||
| 999 |
_c12639 _d12639 |
||